<?xml version="1.0" encoding="UTF-8"?>
<record
    xmlns:xsi="http://www.w3.org/2001/XMLSchema-instance"
    xsi:schemaLocation="http://www.loc.gov/MARC21/slim http://www.loc.gov/standards/marcxml/schema/MARC21slim.xsd"
    xmlns="http://www.loc.gov/MARC21/slim">

  <leader>01517nam a22001817a 4500</leader>
  <controlfield tag="008">190723b        xxu||||| |||| 00| 0 eng d</controlfield>
  <datafield tag="020" ind1=" " ind2=" ">
    <subfield code="a">0534357334</subfield>
  </datafield>
  <datafield tag="050" ind1=" " ind2=" ">
    <subfield code="a">RA776.H148</subfield>
  </datafield>
  <datafield tag="082" ind1=" " ind2=" ">
    <subfield code="2">8th ed</subfield>
    <subfield code="a">RA776.H148</subfield>
  </datafield>
  <datafield tag="100" ind1=" " ind2=" ">
    <subfield code="a">Hales, Dianne.</subfield>
  </datafield>
  <datafield tag="245" ind1=" " ind2=" ">
    <subfield code="a">An invitation to health. /</subfield>
    <subfield code="c">Dianne Hales.</subfield>
  </datafield>
  <datafield tag="250" ind1=" " ind2=" ">
    <subfield code="a">8th ed.</subfield>
  </datafield>
  <datafield tag="260" ind1=" " ind2=" ">
    <subfield code="a">South Melbourne:</subfield>
    <subfield code="b">Cole Publishing Company,</subfield>
    <subfield code="c">1999.</subfield>
  </datafield>
  <datafield tag="300" ind1=" " ind2=" ">
    <subfield code="a">xix, 114 p. :</subfield>
    <subfield code="b"> ill. col.;</subfield>
    <subfield code="c">28 cm.</subfield>
  </datafield>
  <datafield tag="500" ind1=" " ind2=" ">
    <subfield code="a">Includes index.</subfield>
  </datafield>
  <datafield tag="505" ind1=" " ind2=" ">
    <subfield code="a">Contents: Section I: A lifetime of wellness: An invitation to health for twenty- first century -- Managing stress  -- Feeling good  -- Caring for the mind  -- Section II : Healthy lifestyles   -- The joy of fitness -- Nutrition for life  -- Eating patterns and problem  -- Section III : Responsible sexuality -- Communicating and relating   -- Personal sexuality -- Reprodutive choices: Section IV : Personal health risks  -- Defending yourself from infections diseases -- Keeping your heart healthy -- Lowering your risk of cancer and other major diseases  -- Section V: Avoiding harmful habits -- Drug use, misuse, and abuse  -- Alcohol use misuse and abuse  -- Protecting  -- yourself -- Section VI : The circle of life : living the longer and better -- When life ends -- Taking charge of your health -- Working toward a healthy environment  --  Hales health almanac -- Health information on the internet emergency -- A consumer,s guide to medical tests  -- Counting your calories and fat  -- Your health directory.</subfield>
  </datafield>
  <datafield tag="942" ind1=" " ind2=" ">
    <subfield code="2">lcc</subfield>
    <subfield code="c">BK</subfield>
  </datafield>
  <datafield tag="999" ind1=" " ind2=" ">
    <subfield code="c">6787</subfield>
    <subfield code="d">14287</subfield>
  </datafield>
  <datafield tag="952" ind1=" " ind2=" ">
    <subfield code="0">0</subfield>
    <subfield code="1">0</subfield>
    <subfield code="2">lcc</subfield>
    <subfield code="4">0</subfield>
    <subfield code="7">0</subfield>
    <subfield code="a">WIUC-1</subfield>
    <subfield code="b">WIUC-1</subfield>
    <subfield code="c">NURS L.</subfield>
    <subfield code="d">2019-07-23</subfield>
    <subfield code="l">0</subfield>
    <subfield code="o">RA776.H148</subfield>
    <subfield code="p">NURS/585/247/19</subfield>
    <subfield code="r">2019-07-23 00:00:00</subfield>
    <subfield code="t">1</subfield>
    <subfield code="w">2019-07-23</subfield>
    <subfield code="y">BK</subfield>
  </datafield>
  <datafield tag="952" ind1=" " ind2=" ">
    <subfield code="0">0</subfield>
    <subfield code="1">0</subfield>
    <subfield code="2">lcc</subfield>
    <subfield code="4">0</subfield>
    <subfield code="7">0</subfield>
    <subfield code="a">WIUC-KL</subfield>
    <subfield code="b">WIUC-KL</subfield>
    <subfield code="c">NURS L.</subfield>
    <subfield code="d">2019-07-01</subfield>
    <subfield code="o">RA776.H14(8e)</subfield>
    <subfield code="p">KSN/199/19</subfield>
    <subfield code="r">2020-02-11 00:00:00</subfield>
    <subfield code="t">1</subfield>
    <subfield code="w">2019-07-01</subfield>
    <subfield code="y">BK</subfield>
  </datafield>
  <datafield tag="952" ind1=" " ind2=" ">
    <subfield code="0">0</subfield>
    <subfield code="1">0</subfield>
    <subfield code="2">lcc</subfield>
    <subfield code="4">0</subfield>
    <subfield code="7">0</subfield>
    <subfield code="a">WIUC-KL</subfield>
    <subfield code="b">WIUC-KL</subfield>
    <subfield code="c">NURS L.</subfield>
    <subfield code="d">2019-07-01</subfield>
    <subfield code="o">RA776.H141(8e)</subfield>
    <subfield code="p">KSN/200/19</subfield>
    <subfield code="r">2020-02-11 00:00:00</subfield>
    <subfield code="t">2</subfield>
    <subfield code="w">2019-07-01</subfield>
    <subfield code="y">BK</subfield>
  </datafield>
  <datafield tag="952" ind1=" " ind2=" ">
    <subfield code="0">0</subfield>
    <subfield code="1">0</subfield>
    <subfield code="2">lcc</subfield>
    <subfield code="4">0</subfield>
    <subfield code="7">0</subfield>
    <subfield code="a">WIUC-KL</subfield>
    <subfield code="b">WIUC-KL</subfield>
    <subfield code="c">NURS L.</subfield>
    <subfield code="d">2019-07-01</subfield>
    <subfield code="o">RA776.H142(8e)</subfield>
    <subfield code="p">KSN/201/19</subfield>
    <subfield code="r">2020-02-11 00:00:00</subfield>
    <subfield code="t">3</subfield>
    <subfield code="w">2019-07-01</subfield>
    <subfield code="y">BK</subfield>
  </datafield>
  <datafield tag="952" ind1=" " ind2=" ">
    <subfield code="0">0</subfield>
    <subfield code="1">0</subfield>
    <subfield code="2">lcc</subfield>
    <subfield code="4">0</subfield>
    <subfield code="7">0</subfield>
    <subfield code="a">WIUC-KL</subfield>
    <subfield code="b">WIUC-KL</subfield>
    <subfield code="c">NURS L.</subfield>
    <subfield code="d">2019-07-01</subfield>
    <subfield code="o">RA776.H143(8e)</subfield>
    <subfield code="p">KSN/202/19</subfield>
    <subfield code="r">2020-02-11 00:00:00</subfield>
    <subfield code="t">4</subfield>
    <subfield code="w">2019-07-01</subfield>
    <subfield code="y">BK</subfield>
  </datafield>
  <datafield tag="952" ind1=" " ind2=" ">
    <subfield code="0">0</subfield>
    <subfield code="1">0</subfield>
    <subfield code="2">lcc</subfield>
    <subfield code="4">0</subfield>
    <subfield code="7">0</subfield>
    <subfield code="a">WIUC-KL</subfield>
    <subfield code="b">WIUC-KL</subfield>
    <subfield code="c">NURS L.</subfield>
    <subfield code="d">2019-07-01</subfield>
    <subfield code="o">RA776.H144(8e)</subfield>
    <subfield code="p">KSN/203/19</subfield>
    <subfield code="r">2020-02-11 00:00:00</subfield>
    <subfield code="t">5</subfield>
    <subfield code="w">2019-07-01</subfield>
    <subfield code="y">BK</subfield>
  </datafield>
  <datafield tag="952" ind1=" " ind2=" ">
    <subfield code="0">0</subfield>
    <subfield code="1">0</subfield>
    <subfield code="2">lcc</subfield>
    <subfield code="4">0</subfield>
    <subfield code="7">0</subfield>
    <subfield code="a">WIUC-KL</subfield>
    <subfield code="b">WIUC-KL</subfield>
    <subfield code="c">NURS L.</subfield>
    <subfield code="d">2019-07-01</subfield>
    <subfield code="o">RA776.H145(8e)</subfield>
    <subfield code="p">KSN/204/19</subfield>
    <subfield code="r">2020-02-11 00:00:00</subfield>
    <subfield code="t">6</subfield>
    <subfield code="w">2019-07-01</subfield>
    <subfield code="y">BK</subfield>
  </datafield>
</record>
